000 00440nam a2200181Ia 4500
001 24179
005 20260414151026.0
008 260414t2010||||xx |||||||||||||| ||spa||
041 _aESP
082 _a791.5
_bS744
100 _aSkilton, Graciela
_eAUT
245 0 _aTíteres :
_bconfección, obras y actividades
260 _c2010
300 _a191 páginas :
_c35 cm.
650 _aABD
654 _aCAU
942 _cLIB
_dJUS
_fJUS
_2ddc
_n
999 _c24179
_d24179